« Il y a un choix actif de ne même pas tenter de sauver tout le monde. » Désespoir au GIEC (notice n° 1669530)

détails MARC
000 -LEADER
fixed length control field 01703cam a2200229 4500500
005 - DATE AND TIME OF LATEST TRANSACTION
control field 20260222005126.0
041 ## - LANGUAGE CODE
Language code of text/sound track or separate title fre
042 ## - AUTHENTICATION CODE
Authentication code dc
100 10 - MAIN ENTRY--PERSONAL NAME
Personal name Bremer, Scott
Relator term author
245 00 - TITLE STATEMENT
Title « Il y a un choix actif de ne même pas tenter de sauver tout le monde. » Désespoir au GIEC
260 ## - PUBLICATION, DISTRIBUTION, ETC.
Date of publication, distribution, etc. 2026.<br/>
500 ## - GENERAL NOTE
General note 78
520 ## - SUMMARY, ETC.
Summary, etc. Le Groupe d’experts intergouvememental sur l’évolution du climat (GIEC) est souvent – et à juste titre – salué pour avoir inscrit le changement climatique à l’ordre du jour politique mondial. Il a rassemblé et synthétisé les connaissances disponibles sur la hausse de la température de l’atmosphère terrestre et encouragé la poursuite des recherches sur le phénomène lui-même et sur les moyens de le combattre. Ces dernières années, cependant, une désillusion s’est installée parmi ses chercheurs. Non seulement aucune action climatique efficace n’a été mise en œuvre, mais la présentation du changement climatique comme un problème mondial urgent eu une conséquence inattendue : les États et les entreprises exploitant les énergies fossiles ont renforcé leur résistance aux actions demandées. Cet article retrace le désespoir croissant au sein du GIEC à partir d’entretiens avec des chercheurs impliqués dans ses travaux.
690 ## - LOCAL SUBJECT ADDED ENTRY--TOPICAL TERM (OCLC, RLIN)
Topical term or geographic name as entry element Climat
690 ## - LOCAL SUBJECT ADDED ENTRY--TOPICAL TERM (OCLC, RLIN)
Topical term or geographic name as entry element Climato-scepticisme
690 ## - LOCAL SUBJECT ADDED ENTRY--TOPICAL TERM (OCLC, RLIN)
Topical term or geographic name as entry element Conscience écologique
690 ## - LOCAL SUBJECT ADDED ENTRY--TOPICAL TERM (OCLC, RLIN)
Topical term or geographic name as entry element Giec
690 ## - LOCAL SUBJECT ADDED ENTRY--TOPICAL TERM (OCLC, RLIN)
Topical term or geographic name as entry element Interventions
700 10 - ADDED ENTRY--PERSONAL NAME
Personal name Wagner, Peter
Relator term author
786 0# - DATA SOURCE ENTRY
Note Les Temps qui restent | 6 | 2 | 2026-02-02 | p. 135-145 | 3038-0464
856 41 - ELECTRONIC LOCATION AND ACCESS
Uniform Resource Identifier <a href="https://shs.cairn.info/revue-les-temps-qui-restent-2025-2-page-135?lang=fr&redirect-ssocas=7080">https://shs.cairn.info/revue-les-temps-qui-restent-2025-2-page-135?lang=fr&redirect-ssocas=7080</a>

Pas d'exemplaire disponible.

PLUDOC

PLUDOC est la plateforme unique et centralisée de gestion des bibliothèques physiques et numériques de Guinée administré par le CEDUST. Elle est la plus grande base de données de ressources documentaires pour les Étudiants, Enseignants chercheurs et Chercheurs de Guinée.

Adresse

627 919 101/664 919 101

25 boulevard du commerce
Kaloum, Conakry, Guinée

Réseaux sociaux

Powered by Netsen Group @ 2025